| 000 | 00512nam a2200181 i 4500 | ||
|---|---|---|---|
| 003 | IT-RoINE | ||
| 005 | 20201215054353.0 | ||
| 008 | 201215s1961 sp |||||r|||| 00| | spa d | ||
| 040 | _aIT-RoINE | ||
| 245 | 0 | 0 | _aEspigas. |
| 260 |
_a[Barcelona] : _bTalleres particulares de las RR. de María Reparadora, _c1961. |
||
| 300 |
_a207 p. : _bil. ; _c13 cm. |
||
| 336 |
_2rdacontent _atext |
||
| 337 |
_2rdamedia _aunmediated |
||
| 338 |
_2rdacarrier _avolume |
||
| 650 | 4 |
_94218 _aLiteratura de devoción |
|
| 942 | _cMTS | ||
| 999 |
_c35645 _d35645 |
||